01186nam a2200241 4500003000800000005001700008008004100025040002600066041000800092100003100100245024600131260002900377300001700406502015300423504005100576530006300627650005600690650002900746650003500775650001700810651003600827830008100863DO-SdUA20250325093536.0 s2020 dr a|| |||| 0 |a||0|spa d aDO-SdUAbspacDO-SdUA0 aspa1 aSención Yoseph, Alberto 10aEstrategia didáctica para el mejoramiento del lanzamiento a portería en el balonmano en los estudiantes de primer grado del liceo José Altagracia, distrito educativo 01-03, Barahona, año escolar 2018-2019 /cAlberto Sención Yoseph. aBarahona :bUASD,c2020. a69 h. :bil. aTesis y Trabajo de Grado (Maestría en Gestión de la Educación Física y el Deporte)--Universidad Autónoma de Santo Domingo, Barahona, 2020. aIncluye referencias bibliográficas y anexos. aTambién disponible en CD-ROM (CD MA-EFD 0100 FCE 2020). 72lembaEducación físicaxEstrategia y técnicas 72lembaDeportes escolares 72lembaEntrenamiento atlético 72lembaLiceos 7aBarahona (Provincia)y2018-2019 aTesis y disertaciones académicas (Universidad Autónoma de Santo Domingo)